000 00322nam a22001457a 4500
008 230508b ||||| |||| 00| 0 eng d
020 _a9780393979572
041 _aeng
080 _a159.9
082 _a159.9BRA
100 _a25
101 _aPSI
245 _aINTIMATE RELATIONSHIPS
_cBRADBURY.N.TH
942 _2udc
_cBK
999 _c59669
_d59669